00715nam a2200241 a 4500001001300000003000900013005001700022008004100039020000900080082001700089100002700106245004800133260003500181300000800216500003500224505001000259650002900269700002700298902000800325942000700333952011600340999001700456nice12345678IN_TiNIC20260116013450.0050524s1993 kuwa grp 000 0 eng  ac6000a297.64bNAD1 aNadwi, Saiyid Sulaiman aHadrat Aayesha Siddiqab Her Life and Works aKuwaitbIslamic Book Pubc1993 a96p aincludes index and biblioraphy2 aIndex aMuhammad, Prophet-Family1 aNadwi, Saiyid Sulaiman bSRS cBK 001040708StackRoom-aHMIbHMId2007-07-10g60.00l0o297.64 NAD1p019065r2007-07-10v60.00w2005-05-24yBK c11088d11088